| 000 -LEADER |
| fixed length control field |
00647nam a22001337a 4500 |
| 040 ## - CATALOGING SOURCE |
| Transcribing agency |
RUA |
| 082 ## - DEWEY DECIMAL CLASSIFICATION NUMBER |
| Classification number |
DVM PHY 2023 B1.370 Or. |
| 100 ## - MAIN ENTRY--AUTHOR NAME |
| Personal name |
PHY PHEAROT; ភី ភារ៉ូត |
| 245 ## - TITLE STATEMENT |
| Title |
Using Algae products in sow diets to enhance piglets perforormance; ការបន្ថមផលិតផលសារាយសមុទ្រក្នុងចំណីមេជ្រូក ទៅលើសុខុមាលភាពរបស់កូនជ្រូក |
| 260 ## - PUBLICATION, DISTRIBUTION, ETC. (IMPRINT) |
| Place of publication |
PHNOM PENH |
| Name of publisher |
RUA |
| Year of publication |
2023 |
| 300 ## - PHYSICAL DESCRIPTION |
| Number of Pages |
x; |
| Other physical details |
ill; |
| Dimensions |
29cm, |
| 856 ## - ELECTRONIC LOCATION AND ACCESS |
| Uniform Resource Identifier |
https://drive.google.com/file/d/16sakuRpT9uspFENT40a5IaDNACkNUxvS/view?usp=sharing |
| 942 ## - ADDED ENTRY ELEMENTS (KOHA) |
| Koha item type |
MGR |
| 952 ## - LOCATION AND ITEM INFORMATION (KOHA) |
| Withdrawn status [LOCAL, KOHA] |
0 |
| 952 ## - LOCATION AND ITEM INFORMATION (KOHA) |
| Withdrawn status [LOCAL, KOHA] |
0 |
| 952 ## - LOCATION AND ITEM INFORMATION (KOHA) |
| Withdrawn status [LOCAL, KOHA] |
0 |
| 952 ## - LOCATION AND ITEM INFORMATION (KOHA) |
| Withdrawn status [LOCAL, KOHA] |
0 |